Statistics for Countries that recognize Kosovo

Click here to take the quiz!

General Stats

  • This quiz has been taken 95 times
    (79 since last reset)
  • The average score is 74 of 117

Answer Stats

ContinentCountry% Correct
EuropeUnited Kingdom
95%
EuropeAlbania
92%
North AmericaUnited States of America
89%
EuropeFrance
86%
OceaniaAustralia
82%
North AmericaCanada
82%
AsiaAfghanistan
80%
EuropeAustria
80%
EuropeCroatia
80%
AsiaJapan
80%
EuropeBelgium
79%
EuropeFinland
79%
EuropeLatvia
79%
EuropeSweden
79%
Asia/ EuropeTurkey
79%
EuropeIreland
77%
EuropeItaly
77%
EuropePortugal
77%
EuropeEstonia
76%
EuropeGermany
76%
EuropeLithuania
76%
Europethe Netherlands
76%
EuropeAndorra
74%
EuropeNorway
74%
AsiaPakistan
74%
AsiaQatar
74%
EuropeMonaco
73%
EuropeMontenegro
73%
EuropeDenmark
71%
EuropeLiechtenstein
71%
EuropeLuxembourg
71%
EuropeNorth Macedonia
71%
EuropeSan Marino
71%
AsiaSaudi Arabia
71%
EuropeSwitzerland
71%
EuropeHungary
70%
EuropeIceland
70%
AsiaSouth Korea
70%
AsiaYemen
70%
North AmericaDominica
68%
North AmericaDominican Republic
68%
AfricaLibya
68%
OceaniaNew Zealand
68%
AsiaBahrain
67%
South AmericaColombia
67%
North AmericaCosta Rica
67%
AfricaEgypt
67%
AsiaOman
67%
AfricaSenegal
67%
AsiaUnited Arab Emirates
67%
EuropeBulgaria
65%
EuropeCzech Republic
65%
AsiaKuwait
65%
EuropeVatican City
65%
North AmericaBarbados
64%
OceaniaFiji
64%
AsiaJordan
64%
South AmericaPeru
64%
AsiaMalaysia
62%
AfricaChad
61%
North AmericaHaiti
61%
AfricaMali
61%
AfricaNiger
61%
AfricaGhana
59%
EuropeMalta
59%
North AmericaPanama
59%
EuropeSlovakia
59%
OceaniaTonga
59%
OceaniaTuvalu
59%
North AmericaAntigua and Barbuda
58%
AsiaBangladesh
58%
AfricaDjibouti
58%
AfricaGambia
58%
AfricaGuinea
58%
OceaniaMicronesia
58%
OceaniaSamoa
58%
AfricaSomalia
58%
OceaniaVanuatu
58%
North AmericaBelize
56%
North AmericaEl Salvador
56%
North AmericaGrenada
56%
North AmericaHonduras
56%
AfricaLesotho
56%
AfricaLiberia
56%
OceaniaNauru
56%
AfricaNigeria
56%
North AmericaSaint Kitts and Nevis
56%
AfricaTogo
56%
AfricaBurundi
55%
South AmericaGuyana
55%
AfricaMauritania
55%
OceaniaPapua New Guinea
55%
North AmericaSaint Lucia
55%
Asiathe Maldives
55%
AfricaBenin
53%
AfricaGuinea Bissau
53%
South AmericaSuriname
53%
AsiaThailand
53%
AfricaIvory Coast
52%
OceaniaMarshall Islands
52%
AfricaSierra Leone
52%
AfricaBurkina Faso
50%
OceaniaKiribati
50%
AfricaMadagascar
50%
OceaniaPalau
50%
AfricaSwaziland
50%
AfricaTanzania
50%
AsiaBrunei
48%
AfricaGabon
48%
AsiaSingapore
48%
AfricaUganda
47%
AfricaComoros
45%
AfricaCentral African Republic
44%
AfricaSao Tome and Principe
44%
OceaniaSolomon Islands
44%
North AmericaMalawi
42%
AsiaTimor Leste
39%

Score Distribution

Percentile by Number Answered

Percent of People with Each Score

Your Score History

You have not taken this quiz since the last reset